| 000 | 02568cam a2200493 i 4500 | ||
|---|---|---|---|
| 999 |
_c4670 _d4670 |
||
| 001 | ocn896786645 | ||
| 003 | OCoLC | ||
| 005 | 20200512131917.0 | ||
| 008 | 131213t20142014miua b s001 0 eng d | ||
| 010 | _a 2013957625 | ||
| 020 |
_a9781611861365 _q(paperback) |
||
| 020 |
_a1611861365 _q(paperback) |
||
| 020 |
_z9781609174217 _q(PDF) |
||
| 020 |
_z9781628950076 _q(ePub) |
||
| 020 |
_z9781628960075 _q(mobi) |
||
| 035 | _a(OCoLC)896786645 | ||
| 040 |
_aYDXCP _beng _erda _cTZ-ArACH _dYDXCP |
||
| 042 | _alccopycat | ||
| 043 | _af------ | ||
| 049 | _aTZAA | ||
| 050 | 0 | 0 |
_aJZ5334 _b.E36 |
| 082 | 0 | 4 |
_a341.2/0601096 _223 |
| 100 | 1 |
_aEdozie, Rita Kiki, _eauthor. |
|
| 245 | 1 | 4 |
_aAfrican Union's Africa : new pan-African initiatives in global governance _bnew pan-African initiatives in global governance / _cRita Kiki Edozie ; with Keith Gottschalk. |
| 246 | 3 | 0 | _aNew pan-African initiatives in global governance |
| 260 |
_aEast Lansing, Michigan : _bMichigan State University Press _c2014 |
||
| 300 |
_al, 263 pages : _billustration ; _c23 cm. |
||
| 490 | 1 | _aRuth Simms Hamilton African diaspora series | |
| 504 | _aIncludes bibliographical references (pages 247-260) and index. | ||
| 505 | 0 | 0 |
_tAfrica's African Union : globalization and global governance -- _tThe evolving "African" suprastate : histories, anatomies, and comparisons -- _tPan-Africanist globalization and cultural politics : promoting the African world view -- _tThe African Union democracy : navigating indigenous rights and inclusions in neoliberal contexts -- _tPax Africana versus international security : new routes to conflict resolution -- _tDriving the Pan-African agenda : ideology and institutionalism -- _tThe African Union's Africa : its prospects and its challenges -- _tThe (pan) African Union phenomenon : Mali as exemplar -- _gAppendix: _tAfrican Union : provenance and derivation of organs and institutions in comparative context. |
| 610 | 2 | 0 | _aAfrican Union. |
| 610 | 2 | 4 | _aAfrican Union. |
| 610 | 2 | 7 |
_aAfrican Union. _2fast |
| 650 | 0 | _aPan-Africanism. | |
| 650 | 7 |
_aPan-Africanism. _2fast |
|
| 650 | 7 |
_aPolitics and government _2fast |
|
| 651 | 0 |
_aAfrica _xPolitics and government. |
|
| 651 | 7 |
_aAfrica. _2fast |
|
| 700 | 1 |
_aGottschalk, Keith, _eauthor. |
|
| 830 | 0 | _aRuth Simms Hamilton African diaspora series. | |
| 856 | 4 | 2 |
_3Contributor biographical information _uhttp://catdir.loc.gov/catdir/enhancements/fy1512/2013957625-b.html |
| 856 | 4 | 2 |
_3Publisher description _uhttp://catdir.loc.gov/catdir/enhancements/fy1512/2013957625-d.html |
| 942 |
_2lcc _cBOOK |
||